Könyvpremier a Merlinben. Egyetemi színpadosok találkozója

Elmentve itt :
Bibliográfiai részletek
Dokumentumtípus: Cikk
Megjelent: 1995-02-03
Sorozat:Délmagyarország 85 No. 29
Kulcsszavak:Egyetemi Színpad, Egyetemtörténet, Egyetemi Színpad
Online Access:http://dmarchiv.bibl.u-szeged.hu/79339
LEADER 00472nab a2200145 i 4500
001 delm79339
005 20191015082742.0
008 191015s1995 hu o 0|| hun d
040 |a SZTE Délmagyarország Archívum  |b hun 
041 |a hun 
245 0 0 |a Könyvpremier a Merlinben. Egyetemi színpadosok találkozója  |h [elektronikus dokumentum] 
260 |c 1995-02-03 
300 |a 8 
490 0 |a Délmagyarország  |v 85 No. 29 
695 |a Egyetemi Színpad, Egyetemtörténet, Egyetemi Színpad